[Event "Lisbon Portugal op"]
[Site "Lisbon"]
[Date "2020.01.26"]
[Round "2"]
[White "Fernandes, Afonso Sampaio SP"]
[Black "Martins, Domingos Antonio"]
[Result "1-0"]
[WhiteElo "1905"]
[BlackElo "1332"]
[PlyCount "85"]
[EventDate "2020.01.25"]
[EventType "swiss"]
[EventRounds "9"]
[EventCountry "POR"]
[SourceTitle "EXT 2021"]
[Source "ChessBase"]
[SourceDate "2020.10.23"]
[SourceVersion "1"]
[SourceVersionDate "2020.10.23"]
[SourceQuality "1"]

1. d4 d5 2. Bf4 Nc6 3. e3 Bf5 4. c3 Nf6 5. Nf3 Ne4 6. Bd3 h6 7. h4 Qd7 8. Qc2 Nxf2 9. Bxf5 e6 10. Bxe6 Qxe6 11. Qxf2 Bd6 12. Bxd6 Qxd6 13. 0-0 0-0-0 14. Nbd2 Kb8 15. e4 g5 16. e5 Qg6 17. Qg3 g4 18. Nh2 h5 19. Nb3 Ne7 20. Qf4 Nf5 21. Qxf5 g3 22. Qxg6 gxh2+ 23. Kxh2 fxg6 24. Rf6 Rdg8 25. Raf1 a6 26. e6 Re8 27. Rxg6 Ka7 28. Rf7 Kb6 29. e7+ c6 30. Rgf6 Kb5 31. Rf8 Rxe7 32. Rxh8 Re2 33. Rxh5 Rxb2 34. Rh7 b6 35. h5 a5 36. h6 a4 37. Nc1 a3 38. Ra7 c5 39. h7 c4 40. Rb7 Ka5 41. Rbxb6 Rxb6 42. Rxb6 Kxb6 43. h8Q 1-0

[Event "POR-ch Seniors 50"]
[Site "Luso"]
[Date "2018.03.28"]
[Round "5"]
[White "Martins, Domingos Antonio"]
[Black "Pereira, Joaquim Almeida Pin"]
[Result "1-0"]
[WhiteElo "1254"]
[BlackElo "1119"]
[PlyCount "83"]
[EventDate "2018.03.25"]
[EventType "swiss"]
[EventRounds "5"]
[EventCountry "POR"]
[SourceTitle "EXT 2019"]
[Source "ChessBase"]
[SourceDate "2018.10.10"]
[SourceVersion "1"]
[SourceVersionDate "2018.10.10"]
[SourceQuality "1"]

1. d4 d5 2. Bf4 Nf6 3. Nf3 e6 4. e3 Be7 5. Nbd2 0-0 6. Ne5 c6 7. Bd3 Nbd7 8. c3 h6 9. h4 Ne4 10. g4 Nxe5 11. dxe5 Bxh4 12. Nxe4 dxe4 13. Bxe4 f5 14. gxf5 exf5 15. Bd3 Kh7 16. Qe2 Bg5 17. 0-0-0 Bxf4 18. Bxf5+ Bxf5 19. Rxd8 Bxe3+ 20. Qxe3 Raxd8 21. Rd1 Rxd1+ 22. Kxd1 Rd8+ 23. Ke1 a6 24. f4 Rd7 25. e6 Rd8 26. Kf2 Kg8 27. e7 Re8 28. Qe5 g6 29. Qf6 a5 30. Qe5 Kf7 31. Qxa5 Rxe7 32. Qc5 Bd3 33. Qd4 Be4 34. b4 b5 35. c4 Re6 36. cxb5 cxb5 37. Qd7+ Kf6 38. Qxb5 g5 39. Qb8 g4 40. Qf8+ Kg6 41. Qg8+ Kf6 42. Qxg4 1-0

[Event "POR-ch Seniors 50"]
[Site "Luso"]
[Date "2018.03.27"]
[Round "4"]
[White "Carneiro, Carlos Alberto Carv"]
[Black "Martins, Domingos Antonio"]
[Result "1-0"]
[WhiteElo "2121"]
[BlackElo "1254"]
[PlyCount "41"]
[EventDate "2018.03.25"]
[EventType "swiss"]
[EventRounds "5"]
[EventCountry "POR"]
[SourceTitle "EXT 2019"]
[Source "ChessBase"]
[SourceDate "2018.10.10"]
[SourceVersion "1"]
[SourceVersionDate "2018.10.10"]
[SourceQuality "1"]

1. d4 d5 2. c4 Nf6 3. cxd5 Nxd5 4. e4 Nb6 5. Nc3 g6 6. Be3 Bg7 7. Be2 0-0 8. Nf3 N8d7 9. 0-0 c5 10. dxc5 Bxc3 11. bxc3 Na4 12. Qxa4 a6 13. Rac1 Qc7 14. Qd4 Rd8 15. Bh6 f6 16. Qd5+ Kh8 17. Qf7 Rg8 18. Bc4 Qd8 19. e5 Qe8 20. Bg7+ Rxg7 21. Qxe8+ 1-0

[Event "Caparica op 2nd"]
[Site "Caparica"]
[Date "2017.06.23"]
[Round "3"]
[White "Martins, Domingos Antonio"]
[Black "Correia, Pedro Mourao Soares"]
[Result "0-1"]
[WhiteElo "1266"]
[BlackElo "1530"]
[PlyCount "102"]
[EventDate "2017.06.21"]
[EventType "swiss"]
[EventRounds "7"]
[EventCountry "POR"]
[SourceTitle "EXT 2018"]
[Source "ChessBase"]
[SourceDate "2017.10.13"]
[SourceVersion "1"]
[SourceVersionDate "2017.10.13"]
[SourceQuality "1"]

1. d4 d5 2. Nf3 Nf6 3. Bf4 e6 4. e3 Nc6 5. Nbd2 Be7 6. Bd3 Bd7 7. c3 Nh5 8. Bg3 Bf6 9. Ne5 Nxg3 10. hxg3 Nxe5 11. dxe5 Bxe5 12. f4 Bd6 13. Qg4 Qf6 14. 0-0-0 e5 15. Qe2 e4 16. Bb5 c6 17. Ba4 Qg6 18. Nf1 Bg4 19. Qf2 Bxd1 20. Bxd1 0-0-0 21. Nh2 h5 22. Rf1 f5 23. a4 Qe6 24. Bb3 c5 25. Rd1 c4 26. Bc2 Bc5 27. Nf1 Qb6 28. Rd2 Rd6 29. Bb1 Qa6 30. Bc2 b5 31. axb5 Qxb5 32. Qe2 g6 33. b3 Qa6 34. b4 Qa1+ 35. Bb1 Qxc3+ 36. Rc2 Qxb4 37. Nd2 Rb6 38. Kd1 c3 39. Nb3 Qxb3 40. Ba2 Qa3 41. Ke1 Rd8 42. Kf2 d4 43. exd4 Rxd4 44. Kf1 Rd1+ 45. Qxd1 Rd6 46. Qa1 Qa6+ 47. Ke1 Qd3 48. Re2 Qxg3+ 49. Kf1 Qxf4+ 50. Ke1 Qh4+ 51. Rf2 Qxf2# 0-1

[Event "Coimbra Queima das Fitas op"]
[Site "Coimbra"]
[Date "2016.04.23"]
[Round "3"]
[White "Martins, Diogo Faria Oliveir"]
[Black "Martins, Domingos Antonio"]
[Result "1-0"]
[WhiteElo "1820"]
[BlackElo "1265"]
[PlyCount "67"]
[EventDate "2016.04.22"]
[EventType "swiss"]
[EventRounds "7"]
[EventCountry "POR"]
[SourceTitle "EXT 2018"]
[Source "ChessBase"]
[SourceDate "2017.10.13"]
[SourceVersion "1"]
[SourceVersionDate "2017.10.13"]
[SourceQuality "1"]

1. e4 e5 2. Nf3 Nc6 3. Bc4 h6 4. 0-0 Bc5 5. c3 Nf6 6. d4 exd4 7. cxd4 Be7 8. Nc3 0-0 9. e5 Nh7 10. h3 d6 11. Bf4 Bg5 12. Bg3 Na5 13. Bd3 dxe5 14. dxe5 Nc6 15. Qc2 g6 16. a3 Nd4 17. Nxd4 Qxd4 18. Rad1 Qb6 19. Nd5 Qc6 20. Nxc7 Qxc2 21. Bxc2 Rb8 22. Bb3 Bd8 23. e6 b5 24. exf7+ Kg7 25. Ne8+ Kh8 26. Rxd8 Nf6 27. Bxb8 Nd7 28. Rxc8 a5 29. Bd6 a4 30. Be6 b4 31. Bxd7 b3 32. Bxf8 g5 33. Nf6 g4 34. Bxh6# 1-0

[Event "Portugal op"]
[Site "Oeiras"]
[Date "2015.08.31"]
[Round "3"]
[White "Antunes, Andre Rafael"]
[Black "Martins, Domingos Antonio"]
[Result "1-0"]
[WhiteElo "1122"]
[BlackElo "1291"]
[PlyCount "119"]
[EventDate "2015.08.30"]
[EventType "swiss"]
[EventRounds "9"]
[EventCountry "POR"]
[SourceTitle "EXT 2016"]
[Source "ChessBase"]
[SourceDate "2015.10.08"]
[SourceVersion "1"]
[SourceVersionDate "2015.10.08"]
[SourceQuality "1"]

1. f4 c5 2. Nf3 g6 3. d3 Bg7 4. e4 Nc6 5. Be2 d6 6. 0-0 Bg4 7. h3 Bxf3 8. Bxf3 Nd4 9. g4 Qb6 10. c3 Nxf3+ 11. Qxf3 Nf6 12. Be3 0-0 13. Rf2 Qa6 14. Rd2 b6 15. f5 Rad8 16. d4 d5 17. e5 Ne4 18. Rd1 c4 19. Nd2 Qb7 20. Nxe4 dxe4 21. Qf4 h6 22. f6 g5 23. Qf2 exf6 24. exf6 Bh8 25. h4 Rd5 26. Kg2 Rfd8 27. Rh1 R8d6 28. hxg5 Rxg5 29. Rxh6 Rxg4+ 30. Kh1 Qd5 31. Rg1 Qe6 32. Rh4 Rg6 33. Rxg6+ fxg6 34. f7+ Qxf7 35. Qxf7+ Kxf7 36. Rxh8 Kg7 37. Rh4 Rf6 38. Rxe4 Rf1+ 39. Kg2 Rb1 40. Re7+ Kf6 41. Rxa7 Rxb2+ 42. Kf3 b5 43. Ra6+ Kf7 44. d5 Rc2 45. Ra5 Rxc3 46. Rxb5 Ra3 47. Rb7+ Kf6 48. Ra7 Rd3 49. Ke4 g5 50. Ra6+ Kg7 51. Bxg5 Rg3 52. Bf4 Rd3 53. Rc6 Ra3 54. Rxc4 Rxa2 55. Rc6 Re2+ 56. Be3 Rh2 57. d6 Rh4+ 58. Kd3 Rh6 59. Bxh6+ Kxh6 60. d7+ 1-0

[Event "Lisbon Check Mate op 3rd"]
[Site "Lisbon"]
[Date "2015.08.11"]
[Round "5"]
[White "Abreu, Paulo Alexandre Mad"]
[Black "Martins, Domingos Antonio"]
[Result "0-1"]
[WhiteElo "1322"]
[BlackElo "1291"]
[PlyCount "54"]
[EventDate "2015.08.08"]
[EventType "swiss"]
[EventRounds "7"]
[EventCountry "POR"]
[SourceTitle "EXT 2017"]
[Source "ChessBase"]
[SourceDate "2016.10.25"]
[SourceVersion "1"]
[SourceVersionDate "2016.10.25"]
[SourceQuality "1"]

1. e4 e5 2. f4 exf4 3. Nf3 Nc6 4. Bc4 Nf6 5. Nc3 Bc5 6. d4 Bb6 7. Bxf4 d6 8. h3 0-0 9. Qd2 Re8 10. Bd3 Nxd4 11. 0-0-0 c5 12. Qe1 Ba5 13. Bd2 Bxc3 14. Bxc3 Be6 15. Nxd4 cxd4 16. Bxd4 Bxa2 17. b3 a5 18. Qc3 a4 19. Bb5 Rc8 20. Bc4 Nxe4 21. Qf3 d5 22. Qg4 g6 23. Be3 axb3 24. Rxd5 Nd6 25. Rxd6 Rxc4 26. Qxc4 Qxd6 27. Rf1 b2+ 0-1

[Event "Coimbra Queima das Fitas op"]
[Site "Coimbra"]
[Date "2015.05.01"]
[Round "3"]
[White "Martins, Domingos Antonio"]
[Black "Babo, Miguel Carranca Fei"]
[Result "0-1"]
[WhiteElo "1295"]
[BlackElo "1764"]
[PlyCount "90"]
[EventDate "2015.04.30"]
[EventType "swiss"]
[EventRounds "7"]
[EventCountry "POR"]
[SourceTitle "EXT 2018"]
[Source "ChessBase"]
[SourceDate "2017.10.13"]
[SourceVersion "1"]
[SourceVersionDate "2017.10.13"]
[SourceQuality "1"]

1. e4 Nc6 2. Nf3 f5 3. e5 d6 4. Bb5 dxe5 5. Bxc6+ bxc6 6. Nxe5 Qd5 7. Nf3 Ba6 8. d3 Nf6 9. Nc3 Qe6+ 10. Be3 Ng4 11. Qe2 Nxe3 12. fxe3 Qf6 13. 0-0-0 e5 14. e4 f4 15. Rhf1 Bb4 16. g3 Bxc3 17. bxc3 0-0 18. gxf4 exf4 19. e5 Qe7 20. Nd4 c5 21. Nc6 Qe6 22. Qe4 Bb5 23. Na5 Qxa2 24. Nb7 Ba4 25. Rf2 Rab8 26. e6 Rfe8 27. c4 Qa3+ 28. Kd2 Qb4+ 29. Ke2 Qxb7 30. Rxf4 Qxe4+ 31. Rxe4 Rbd8 32. Rd2 Rd6 33. e7 Rd7 34. Kd1 Rdxe7 35. Rxe7 Rxe7 36. d4 cxd4 37. Rxd4 Rd7 38. Rd5 Bc6 39. Rxd7 Bxd7 40. Kd2 c5 41. Ke3 Kf7 42. Kf4 Be6 43. Ke3 g5 44. Kd3 h5 45. Kc3 g4 0-1

[Event "Lisbon Cup 26th"]
[Site "Lisbon"]
[Date "2015.04.19"]
[Round "5"]
[White "Martins, Domingos Antonio"]
[Black "Sousa, Manuel Filipe Masca"]
[Result "1-0"]
[WhiteElo "1320"]
[BlackElo "1275"]
[PlyCount "105"]
[EventDate "2015.01.18"]
[EventType "swiss"]
[EventRounds "7"]
[EventCountry "POR"]
[SourceTitle "EXT 2017"]
[Source "ChessBase"]
[SourceDate "2016.10.25"]
[SourceVersion "1"]
[SourceVersionDate "2016.10.25"]
[SourceQuality "1"]

1. e4 e5 2. Nf3 Nc6 3. Bb5 a6 4. Ba4 Nf6 5. Nc3 Bc5 6. Bb3 0-0 7. 0-0 d6 8. h3 Be6 9. Ba4 b5 10. Bb3 d5 11. d3 h6 12. Re1 Re8 13. exd5 Nxd5 14. Be3 Bb6 15. Bd2 Qd7 16. a3 Ba5 17. Nxe5 Nxe5 18. Rxe5 Nxc3 19. Bxc3 Bxc3 20. bxc3 Bxh3 21. Rxe8+ Rxe8 22. gxh3 Qxh3 23. Bd5 Qh4 24. Qf3 Qg5+ 25. Kf1 Qg6 26. Bc6 Re7 27. Be4 Qf6 28. Qxf6 gxf6 29. Re1 Rd7 30. Bc6 Rd6 31. Bb7 a5 32. Re8+ Kh7 33. Re7 Kg7 34. Rxc7 Re6 35. Bd5 Re5 36. Bxf7 Rf5 37. Be6+ Kg6 38. Bxf5+ Kxf5 39. Rc5+ Kf4 40. Rxb5 a4 41. Rb4+ Kf3 42. Rxa4 f5 43. Rh4 f4 44. Rxh6 Kg4 45. a4 Kg5 46. Rh1 Kf6 47. a5 Ke7 48. a6 Kd7 49. a7 Kc8 50. a8Q+ Kc7 51. Rh7+ Kd6 52. Qa6+ Kd5 53. Rh5# 1-0